| Tag |
First Indicator |
Second Indicator |
Subfields |
| LEADER |
00000cam a22000001a 4500 |
| 001 |
in00003221981 |
| 006 |
m d f |
| 007 |
cr bn mmmapmmp |
| 008 |
091020s1988 dcua ob f000 0 eng d |
| 005 |
20260504145756.9 |
| 035 |
|
|
|a cis2007454278
|
| 040 |
|
|
|a UMI
|c UMI
|d UtOrBLW
|
| 043 |
|
|
|a n-us---
|
| 074 |
|
|
|a 1039-A, 1039-B (microfiche)
|
| 086 |
0 |
|
|a Y 4.F 76/2:S.hrg.100-361/pt.1-2
|
| 099 |
|
|
|a HRG-1987-FOR-0009
|
| 099 |
|
|
|a HRG-1987-FOR-0010
|
| 110 |
1 |
|
|a United States.
|b Congress.
|b Senate.
|b Committee on Foreign Relations.
|
| 245 |
1 |
0 |
|a Security and development assistance :
|b hearings before the Committee on Foreign Relations, United States Senate, One Hundredth Congress, first session ...
|
| 264 |
|
1 |
|a Washington :
|b U.S. G.P.O.,
|c 1988.
|
| 300 |
|
|
|a 1 online resource.
|
| 336 |
|
|
|a text
|b txt
|2 rdacontent
|
| 337 |
|
|
|a computer
|b c
|2 rdamedia
|
| 338 |
|
|
|a online resource
|b cr
|2 rdacarrier
|
| 490 |
1 |
|
|a S. hrg. ;
|v 100-361
|
| 500 |
|
|
|a Record is based on bibliographic data in ProQuest Congressional Hearings Digital Collection. Reuse except for individual research requires license from ProQuest, LLC.
|
| 504 |
|
|
|a Includes bibliographies.
|
| 538 |
|
|
|a System requirements: PDF reader software.
|
| 500 |
|
|
|a Electronic resource.
|
| 650 |
|
0 |
|a Military assistance, American.
|
| 650 |
|
0 |
|a Economic assistance, American.
|
| 655 |
|
7 |
|a Electronic books.
|2 local
|
| 710 |
2 |
|
|a ProQuest (Firm)
|
| 776 |
0 |
8 |
|i Print version:
|a United States. Congress. Senate. Committee on Foreign Relations.
|t Security and development assistance
|w (OCoLC)17470245
|w gp 88008864
|
| 776 |
0 |
8 |
|i Microfiche version:
|a United States. Congress. Senate. Committee on Foreign Relations.
|t Security and development assistance.
|d [Bethesda, Md.] : ProQuest,[2004]
|o CIS 88 S381-3 (pt.1)
|o CIS 88 S381-5 (pt.2)
|w (ProQuest)cis08802415
|
| 810 |
1 |
|
|a United States.
|b Congress.
|b Senate.
|t S. hrg. ;
|v 100-361.
|
| 830 |
|
0 |
|a U.S. Congressional Hearings.
|
| 856 |
4 |
0 |
|u http://proxy.library.tamu.edu/login?url=https://congressional.proquest.com/congcomp/getdoc?HEARING-ID=HRG-1987-FOR-0009
|z Connect to the full text of this electronic book
|t 0
|
| 856 |
4 |
0 |
|u http://proxy.library.tamu.edu/login?url=https://congressional.proquest.com/congcomp/getdoc?HEARING-ID=HRG-1987-FOR-0010
|z Connect to the full text of this electronic book
|t 0
|
| 998 |
|
|
|a cis08802415
|
| 999 |
|
|
|a MARS
|
| 999 |
f |
f |
|s e4173cb3-2c4b-3a88-a3dd-8c209496d57e
|i 156ae1bf-33f3-3b9d-ad7a-878ca0f29c60
|t 0
|
| 952 |
f |
f |
|a Texas A&M University
|b College Station
|c Electronic Resources
|s www_evans
|d Available Online
|t 0
|e HRG-1987-FOR-0010
|h Other scheme
|
| 998 |
f |
f |
|a HRG-1987-FOR-0010
|t 0
|l Available Online
|